000 00693nam a2200205 i 4500
001 81053
003 ES-MaACL
005 20250905063044.0
007 t|
008 041102s1934 fr ||||1| fre d
100 0 _aHofmann, Modeste Lioudvigovitch,
_d1887-1959
_963964
245 1 0 _aHistoire de la littérature russe, depuis les origines jusqu'á nos jour /
_cM. Hofmann.
260 _aParis :
_bPayot,
_c1934 (
_fVannes Lafolya)
300 _a694 p. ;
_c23 cm.
490 1 _aBibliothèque historique Payot
650 0 4 _aLiteratura rusa-
_xHistoria y crítica.
_914663
830 0 _aBibliothèque historique Payot
_9183692
852 _aES-MaACL
_jA-2370
999 _c81053
_d81053